FIFA 17 Soundtrack - Statistics

General Stats
  • This quiz has been taken 39 times
  • The average score is 27 of 51
Answer Stats
Artist Song % Correct
Bastille S{end} {Them} {Off}!
100%
Saint Motel M{ove}
92%
Kygo feat. Kodaline R{aging}
88%
Empire Of The Sun H{igh} {And} {Low}
83%
Glass Animals Y{outh}
83%
HUNTAR A{nyway}
79%
Kasabian C{omeback} {Kid}
79%
Declan McKenna I{sombard}
79%
Two Door Cinema Club A{re} {We} {Ready}? ({Wreck})
71%
Lola Coca L{ove} {Songs}
71%
Catfish And The Bottlemen P{ostpone}
71%
Porter Robinson & Madeon S{helter}
71%
Paper Route C{hariots}
67%
Tourist R{un}
67%
Capital Cities V{owels}
67%
SAFIA B{ye} {Bye}
58%
RAT BOY G{et} {Over} {It}
58%
Bayonne A{ppeals}
54%
Bishop Briggs B{e} {Your} {Love}
54%
ZHU M{oney}
54%
Beck U{p} {All} {Night}
54%
Lemaitre feat. The Knocks W{e} {Got} {U}
54%
Zedd & Grey A{drenaline}
50%
Oliver feat. Scott Mellis E{lectrify}
50%
DMA's P{lay} {It} {Out}
50%
Skott P{orcelain}
50%
Digitalism S{hangri}-{La}
50%
Jack Garratt S{urprise} {Yourself}
50%
Balkan Beat Box I {Trusted} {U}
46%
Sofi Tukker J{ohny}
46%
Paul Kalkbrenner ({Let} {Me} {Hear} {You}) S{cream}
46%
Society P{rotocol}
46%
Spring King W{ho} {Are} {You}?
46%
KAMAU feat. No Wyld J{usfayu}
42%
Jagwar Ma O {B} {1}
42%
Lewis Del Mar P{ainting} ({Masterpiece})
42%
Phantogram S{ame} {Ol} {Blues}
42%
Rocco Hunt S{to} {Bene} {Così}
42%
Beaty Heart S{lide} {To} {The} {Side}
38%
Bob Moses (RAC Mix) T{earing} {Me} {Up}
38%
NGOD B{lue}
33%
Grouplove D{on’t} {Stop} {Making} {It} {Happen}
33%
Compass: Mexican Institute Of Sound + Toy Selectah feat. Rob Birch, Kool A.D., Emicida, Maluca E{xplotar}
33%
Souls S{atisfied}
29%
Ceci Bastida feat. Aloe Blacc U{n} {Sueño}
29%
Lucius A{lmighty} {Gosh}
25%
LOYAL M{oving} {As} {One}
25%
Barns Courtney H{obo} {Rocket}
21%
Formation P{leasure}
21%
Systema Solar R{umbera}
21%
ST feat. Marta Kot V{era} {I} {Nadezhda} ({WIN})
21%
No matching quizzes found
Score Distribution
Percent of People with Each Score
Percentile by Number Answered
Your Score History
You have not taken this quiz